Artpress/ (Record no. 3352)

MARC details
000 -LEADER
campo de control de longitud fija 02178nam a22005537a 4500
003 - IDENTIFICADOR DE NÚMERO DE CONTROL
campo de control OSt
005 - FECHA Y HORA DE LA ÚLTIMA TRANSACCIÓN
campo de control 20230413092035.0
008 - DATOS DE LONGITUD FIJA--INFORMACIÓN GENERAL
campo de control de longitud fija 221006b |||||||| |||| 00| 0 eng d
040 ## - FUENTE DE CATALOGACIÓN
Centro/agencia transcriptor Biblioteca Lado V
082 ## - NÚMERO DE LA CLASIFICACIÓN DECIMAL DEWEY
Número de clasificación 700
Número de ítem K41a
100 ## - ENTRADA PRINCIPAL--NOMBRE DE PERSONA
9 (RLIN) 797
Nombre de persona Kerraoul, Jean Pierre de
Término indicativo de función/relación editor
-- director
245 ## - MENCIÓN DEL TÍTULO
Título Artpress/
Resto del título X-Elles | Le sexe par les femmes/
260 ## - PUBLICACIÓN, DISTRIBUCIÓN, ETC.
Nombre del editor, distribuidor, etc. Court Gallerie
Fecha de publicación, distribución, etc. 2004
Lugar de publicación, distribución, etc. Paris
300 ## - DESCRIPCIÓN FÍSICA
Dimensiones 21x28cm
Extensión 114p.
366 ## - INFORMACIÓN SOBRE DISPONIBILIDAD COMERCIAL
Nota eng
490 ## - MENCIÓN DE SERIE
Designación de volumen o secuencia 04
-- 2004
Número Internacional Normalizado para Publicaciones Seriadas 0045 567
505 ## - NOTA DE CONTENIDO CON FORMATO
Título Editorial Un raz de maree
505 ## - NOTA DE CONTENIDO CON FORMATO
Título le acte pour l'art
505 ## - NOTA DE CONTENIDO CON FORMATO
Título Bandes de femmes
505 ## - NOTA DE CONTENIDO CON FORMATO
Título Eros feminin surreel
505 ## - NOTA DE CONTENIDO CON FORMATO
Título Ellen von Unwerth Naughty Girls
505 ## - NOTA DE CONTENIDO CON FORMATO
Título Organes et Orgasmes Sur quelques chanteuses sexy
505 ## - NOTA DE CONTENIDO CON FORMATO
Título Dans le train fantome de Catherine Breillat
505 ## - NOTA DE CONTENIDO CON FORMATO
Título Clarisse Hahn La sexualite dans le tissu de la vie
505 ## - NOTA DE CONTENIDO CON FORMATO
Título Portafolio #1
505 ## - NOTA DE CONTENIDO CON FORMATO
Título Angela, Loulou et les autres Quand les femmes prennent la camera
505 ## - NOTA DE CONTENIDO CON FORMATO
Título Monika Treut. Female Misbehavior
505 ## - NOTA DE CONTENIDO CON FORMATO
Título Maria Beatty. De la surface a la profondeur
505 ## - NOTA DE CONTENIDO CON FORMATO
Título Shu Lea Cheang. Un gente en soi
505 ## - NOTA DE CONTENIDO CON FORMATO
Título Il y a yne vie apres le X: Brigitte, Tabatha, Iliona et Traci
505 ## - NOTA DE CONTENIDO CON FORMATO
Título Ovidie, plus librement
505 ## - NOTA DE CONTENIDO CON FORMATO
Título portafolio #2
505 ## - NOTA DE CONTENIDO CON FORMATO
Título Lamia Ziade "Je suis une vraie petite femme d'interieur"
505 ## - NOTA DE CONTENIDO CON FORMATO
Título Chloe des Lysses. Une femme en danger
505 ## - NOTA DE CONTENIDO CON FORMATO
Título Madeleine Berkhemer. Elastique, erotique
505 ## - NOTA DE CONTENIDO CON FORMATO
Título Elke Krystufek. Le miroir qui met a nu
505 ## - NOTA DE CONTENIDO CON FORMATO
Título La pornographie, to remember
505 ## - NOTA DE CONTENIDO CON FORMATO
Título Les Femmes sur le web
650 ## - PUNTO DE ACCESO ADICIONAL DE MATERIA--TÉRMINO DE MATERIA
Fuente del encabezamiento o término Tesauro de Arte & Arquitectura
Término de materia o nombre geográfico como elemento de entrada ARTE
9 (RLIN) 703
650 ## - PUNTO DE ACCESO ADICIONAL DE MATERIA--TÉRMINO DE MATERIA
Fuente del encabezamiento o término Tesauro de Arte & Arquitectura
Término de materia o nombre geográfico como elemento de entrada EXPOSICIONES
650 ## - PUNTO DE ACCESO ADICIONAL DE MATERIA--TÉRMINO DE MATERIA
Fuente del encabezamiento o término Tesauro de Arte & Arquitectura
Término de materia o nombre geográfico como elemento de entrada BIENAL
650 ## - PUNTO DE ACCESO ADICIONAL DE MATERIA--TÉRMINO DE MATERIA
Fuente del encabezamiento o término Tesauro de Arte & Arquitectura
Término de materia o nombre geográfico como elemento de entrada APRECIACION
650 ## - PUNTO DE ACCESO ADICIONAL DE MATERIA--TÉRMINO DE MATERIA
Fuente del encabezamiento o término Tesauro de Arte & Arquitectura
Término de materia o nombre geográfico como elemento de entrada TEORIA
650 ## - PUNTO DE ACCESO ADICIONAL DE MATERIA--TÉRMINO DE MATERIA
Fuente del encabezamiento o término Tesauro de Arte & Arquitectura
Término de materia o nombre geográfico como elemento de entrada CRITICA
650 ## - PUNTO DE ACCESO ADICIONAL DE MATERIA--TÉRMINO DE MATERIA
Fuente del encabezamiento o término Tesauro de Arte & Arquitectura
Término de materia o nombre geográfico como elemento de entrada FOTOGRAFIA
9 (RLIN) 702
650 ## - PUNTO DE ACCESO ADICIONAL DE MATERIA--TÉRMINO DE MATERIA
Fuente del encabezamiento o término Tesauro de Arte & Arquitectura
Término de materia o nombre geográfico como elemento de entrada LITERATURA
650 ## - PUNTO DE ACCESO ADICIONAL DE MATERIA--TÉRMINO DE MATERIA
Fuente del encabezamiento o término Tesauro de Arte & Arquitectura
Término de materia o nombre geográfico como elemento de entrada PARIS
942 ## - ELEMENTOS DE ENTRADA SECUNDARIOS (KOHA)
Fuente del sistema de clasificación o colocación Clasificación Decimal Dewey
Tipo de ítem Koha Libros
Parte de la signatura que corresponde a la clasificación (Parte de la clasificación) 700
Parte de la signatura que identifica el ejemplar (Parte del ítem) K41a
Suprimir en OPAC No
Holdings
Estatus retirado Estado de pérdida Fuente del sistema de clasificación o colocación Especificación de materiales (volumen encuadernado u otra parte) Estado de daño No para préstamo Colección Biblioteca de origen Biblioteca actual Fecha de adquisición Número de inventario Total de préstamos Signatura topográfica completa Código de barras Visto por última vez Precio de reemplazo Tipo de ítem Koha
    Clasificación Decimal Dewey 2004     Revistas Biblioteca LadoV Biblioteca LadoV 13/04/2023 003213   700 K41a 003213 13/04/2023 13/04/2023 Libros